| 000 | 00813nam a2200217Ii 4500 | ||
|---|---|---|---|
| 003 | JO-AjNU | ||
| 008 | 230605s9999||||xx |||||||||||||| ||und|| | ||
| 017 | _a1990/8/555 | ||
| 040 |
_aJO-AjNU _bara _erda _cJO-AjNU |
||
| 041 | _aara | ||
| 050 | 1 | 4 | _aLB1025.2.M8546 1990 |
| 100 | 3 |
_aحمدان،محمد زيدان, _eauthor _912794 |
|
| 245 | 0 | 0 | _aالتصميم العلمي للتدريب من التخطيط والتنفيذ إلى تقييم الجدوى |
| 264 | 3 | 1 | _aعمان:دار التربية الحديثة،1990 |
| 300 | _a71ص | ||
| 336 |
_atext _btxt _2rdacontent |
||
| 337 |
_aunmediated _bn _2rdamedia |
||
| 338 |
_avolume _bnc _2rdacarrier |
||
| 490 | 0 | _aسلسلة المكتبة التربوية السريعة56 | |
| 650 | 4 |
_aتدريب أثناء الخدمة-برامج تخطيط _912795 |
|
| 999 |
_aA3016 _c6584 _d6584 |
||